| 000 | 00434nam a22001817a 4500 | ||
|---|---|---|---|
| 003 | MPLRDC | ||
| 005 | 20220104114000.0 | ||
| 008 | 210129b ||||| |||| 00| 0 eng d | ||
| 020 | _a7-5306-1850-4 | ||
| 082 | _a848.4 WM-8 | ||
| 100 | _a王蒙著 | ||
| 245 |
_a王蒙散文自选集 _c |
||
| 250 | _a一版一刷 | ||
| 260 |
_a _b百花文艺出版社 _c1995 |
||
| 300 | _b平 | ||
| 650 | _a现代别集 | ||
| 942 |
_cBK _o848.4 WM-8 |
||
| 999 |
_c3894 _d3884 |
||